Terorizmus ako sociálny jav

O terorizme sa čoraz viac začína hovoriť najmä v súvislosti s ohrozením ľudského života jednotlivca a celých skupín, ale aj životného prostredia. Význam má tiež v súvislosti so zhoršovaním podmienok pre ľudský život a pre ľudstvo ako také. Terorizmus vo svojej podstate tvorí akt šírenia strachu a hr...

Ausführliche Beschreibung

Gespeichert in:
Bibliographische Detailangaben
1. Verfasser: Matis, Jozef
Format: Buchkapitel
Sprache:Slowakisch
Schlagworte:
Tags: Tag hinzufügen
Keine Tags, Fügen Sie das erste Tag hinzu!

MARC

LEADER 00000naa$a2200000$$$4500
001 0040095
005 20221207085315.8
041 0 |a slo 
044 |a SK 
245 1 0 |a Terorizmus ako sociálny jav  |c Jozef Matis 
520 |a O terorizme sa čoraz viac začína hovoriť najmä v súvislosti s ohrozením ľudského života jednotlivca a celých skupín, ale aj životného prostredia. Význam má tiež v súvislosti so zhoršovaním podmienok pre ľudský život a pre ľudstvo ako také. Terorizmus vo svojej podstate tvorí akt šírenia strachu a hrôzy. Ostatné znaky - cieľavedomosť, využívanie ozbrojeného násilia a záujem o medializáciu a vplyv na verejnú mienku. Ako každý sociálny jav pozostáva terorizmus z dvoch od seba neoddeliteľných stránok: štrukturálnej a procesuálnej. Statická a dynamická stránka. 
610 2 0 |a terorizmus 
610 2 0 |a spoločnosť 
610 2 0 |a skupiny sociálne 
610 2 0 |a obyvateľstvo 
610 2 0 |a mienka verejná 
610 2 0 |a prostredie životné 
100 1 |a Matis, Jozef